000 00691nam a2200265Ia 4500
003 OSt
005 20221006140651.0
006 a|||||r|||| 00| 0
007 ta
008 221006b |||||||| |||| 00| 0 jpn d
020 _a9784004305965
_c¥600
024 _a325
037 _bGift, Japan Foundation
_cTextual
040 _aEASL
_cEASL
_bjpn
041 _2jpn
_ajpn
082 _aP42, N9
100 _aONO Susumu
_9643147
245 0 _aNihongo renshucho
260 _aTokyo
_bIwanami Shoten Japan
_c1999
300 _a220p.
_ccm.
490 _v JL
650 _aJL
942 _hP42, N9
_cTEXL
_2CC
999 _c1068412
_d1068412